| 000 | 00376cam a22001217a 4500 | ||
|---|---|---|---|
| 008 | 180718b1981 xxu||||| |||| 00| 0 eng d | ||
| 082 | _aA6x54072 C348 | ||
| 100 | _aChakravarti, Subhash | ||
| 245 |
_aAnatomy of the raj: Russian consular reports _cby Subhash Chakravarti |
||
| 260 |
_aNew Delhi _bProple Pub. House _c1981 |
||
| 300 | _a455p. | ||
| 650 | _aIndia - History - 1909-18 | ||
| 999 |
_c342032 _d342032 |
||